| 000 | 01067nam0a2200337 4500 | ||
|---|---|---|---|
| 001 | RU\NLR\bibl\338424 | ||
| 005 | 20260406150212.0 | ||
| 010 |
_a5-9287-0169-1 _910000 |
||
| 021 |
_aRU _b2002-40258 _91956 |
||
| 035 | _a(NLR Aleph) 000333313 | ||
| 090 |
_a170594 _c170594 |
||
| 100 | _a20021104d2002 |||y0rusy50 ca | ||
| 101 | 1 |
_arus _cper |
|
| 102 | _aRU | ||
| 105 | _aa ||||||||| | ||
| 200 | 1 |
_aРубаи _eПер. с фарси _fОмар Хайям _g[Худож. В. Покатов] |
|
| 210 |
_aМ. _cЛабиринт-пресс _d2002 |
||
| 215 |
_a462, [1] с. _cил. _d17 |
||
| 225 | 1 | _aМир поэзии | |
| 675 |
_a821.222.1'06-1 Омар Хайям _v3 _zrus |
||
| 686 |
_a17.82 _2rugasnti |
||
| 686 |
_a84(5Ирн)-5 _2rubbk |
||
| 686 | _aШ5(0)952.314-4Омар Хайям | ||
| 700 | 0 |
_4070 _8rus _7ca _aОмар Хайям _f1048-1131 _3RU\NLR\AUTH\774823 _9114798 |
|
| 801 | 0 |
_aRU _bRKP _c20021104 _gPSBO |
|
| 801 | 1 |
_aRU _bRKP _c20021104 |
|
| 801 | 2 |
_aRU _bNLR _c20110629 _grcr |
|
| 942 | _cBOOK | ||
| 980 | _aNB | ||